EC ruling spells chaos for regeneration (Record no. 62126)
[ view plain ]
| 000 -LEADER | |
|---|---|
| fixed length control field | 00755cam a2200193 4500 |
| 001 - CONTROL NUMBER | |
| control field | WB3601-45 |
| 008 - FIXED-LENGTH DATA ELEMENTS--GENERAL INFORMATION | |
| fixed length control field | 000000n1999 000 0 eng u |
| 035 ## - SYSTEM CONTROL NUMBER | |
| System control number | (Sirsi) u103375 |
| 245 ## - TITLE STATEMENT | |
| Title | EC ruling spells chaos for regeneration |
| 260 ## - PUBLICATION, DISTRIBUTION, ETC. | |
| Date of publication, distribution, etc. | 1999 |
| 490 ## - SERIES STATEMENT | |
| Series statement | RICS Press Release |
| Volume/sequential designation | (pr265) 22 December 1999 (2) |
| 520 ## - SUMMARY, ETC. | |
| Summary, etc. | The RICS has expressed dismay at the EC announcement that the UK must effectively scrap its Partnership Investment Programme (PIP). This, coupled with the continued delay in agreeing Assisted Area Status, will undermine the regeneration industry. |
| 590 ## - LOCAL NOTE (RLIN) | |
| Local note | WB |
| 650 ## - SUBJECT ADDED ENTRY--TOPICAL TERM | |
| Topical term or geographic name entry element | EUROPEAN COMMISSION |
| 650 0# - SUBJECT ADDED ENTRY--TOPICAL TERM | |
| Topical term or geographic name entry element | PARTNERSHIP INVESTMENT PROGRAMME |
| 650 ## - SUBJECT ADDED ENTRY--TOPICAL TERM | |
| Topical term or geographic name entry element | ASSISTED AREA STATUS |
| 690 ## - LOCAL SUBJECT ADDED ENTRY--TOPICAL TERM (OCLC, RLIN) | |
| Topical term or geographic name as entry element | REGENERATION |
| 942 ## - ADDED ENTRY ELEMENTS (KOHA) | |
| Suppress in OPAC | 0 |
| Withdrawn status | Lost status | Source of classification or shelving scheme | Damaged status | Not for loan | Home library | Current library | Shelving location | Date acquired | Total Checkouts | Full call number | Barcode | Date last seen | Copy number | Price effective from | Koha item type |
|---|---|---|---|---|---|---|---|---|---|---|---|---|---|---|---|
| Dewey Decimal Classification | London | London | News article | 23/12/1999 | WB3601-45 | 103375-1001 | 06/08/2019 | 1 | 06/08/2019 | News article |